| 000 | 00507nam a2200157Ia 4500 | ||
|---|---|---|---|
| 008 | 170221s9999 xx 000 0 und d | ||
| 100 | _aLaura F. Bright | ||
| 245 | _aTaming the Information Beast: Content Customization and its Impact on Media Enjoyment for Online Consumers | ||
| 245 | _cLaura F. Bright | ||
| 260 | _bOnline Journal of Communication and Media Technologies | ||
| 260 | _c2017 | ||
| 300 | _a16 : | ||
| 650 | _xCommunication | ||
| 650 | _xMedia Arts | ||
| 856 | _uhttp://www.ojcmt.net/ | ||
| 999 |
_c312895 _d312895 |
||